000 00329nam a22001577a 4500
003 SGT
020 _a81-239-1393-1
082 _a615.4
_bP17A
100 _aAGARWAL, S.P
245 _aPHYSICAL PHARMACY
250 _a2ND
260 _aNEW DELHI
_bC.B.S PUB
_c2017
300 _a330
650 _aPHARMACY
942 _2ddc
_cBK
_0118
999 _c11140
_d11140